Walking meditation : (Record no. 2232)
[ view plain ]
| 000 -LEADER | |
|---|---|
| fixed length control field | 00550nam a2200193 4500 |
| 001 - CONTROL NUMBER | |
| control field | 2780 |
| 005 - DATE AND TIME OF LATEST TRANSACTION | |
| control field | 20181127165808.0 |
| 010 00 - LIBRARY OF CONGRESS CONTROL NUMBER | |
| LC control number | |
| 020 00 - INTERNATIONAL STANDARD BOOK NUMBER | |
| International Standard Book Number | |
| 090 00 - LOCALLY ASSIGNED LC-TYPE CALL NUMBER (OCLC); LOCAL CALL NUMBER (RLIN) | |
| Classification number (OCLC) (R) ; Classification number, CALL (RLIN) (NR) | 248.533 N993w 2007 |
| 100 00 - MAIN ENTRY--PERSONAL NAME | |
| Personal name | Nyanadhammo, Ajahn |
| 245 00 - TITLE STATEMENT | |
| Title | Walking meditation : |
| Remainder of title | In the Thai forest tradition / |
| Statement of responsibility, etc. | Ajahn Nyanadhammo. |
| Medium | |
| 250 00 - EDITION STATEMENT | |
| Edition statement | |
| 260 00 - PUBLICATION, DISTRIBUTION, ETC. | |
| Place of publication, distribution, etc. | Bangkok : |
| Name of publisher, distributor, etc. | Q Print Management Co. Ltd, |
| Date of publication, distribution, etc. | 2007. |
| 300 00 - PHYSICAL DESCRIPTION | |
| Extent | 31 p. |
| 650 00 - SUBJECT ADDED ENTRY--TOPICAL TERM | |
| Topical term or geographic name entry element | Books and reading --Religious aspects --Buddhism. |
| General subdivision | |
| Topical term or geographic name entry element | Meditation --Buddhism. |
| General subdivision | |
| Topical term or geographic name entry element | Spiritual life --Buddhism. |
| General subdivision | |
| Withdrawn status | Lost status | Source of classification or shelving scheme | Damaged status | Not for loan | Collection code | Home library | Current library | Shelving location | Serial Enumeration / chronology | Inventory number | Total Checkouts | Full call number | Barcode | Date last seen | Price effective from | Koha item type |
|---|---|---|---|---|---|---|---|---|---|---|---|---|---|---|---|---|
| Dewey Decimal Classification | Main TEST | RTC Library | RTC Library | Main opac | 5054 | 248.53 NYA | 30001871 | 27/11/2018 | 27/11/2018 | Main |